[Event "Vecindario Montalvo Memorial 17th"]
[Site "Vecindario"]
[Date "2025.04.20"]
[Round "9"]
[White "Matos Espino, Carlos Silverio"]
[Black "Sosa Suarez, Carla Cristina"]
[Result "1/2-1/2"]
[WhiteElo "1731"]
[BlackElo "2056"]
[PlyCount "85"]
[EventDate "2025.04.12"]
[EventType "swiss"]
[EventRounds "9"]
[EventCountry "ESP"]
[SourceTitle "CB17_2025"]
[SourceDate "2025.04.23"]
[SourceVersion "1"]
[SourceVersionDate "2025.04.23"]
[SourceQuality "1"]

1. e4 c6 2. d4 d5 3. Nc3 dxe4 4. Nxe4 Nf6 5. Nxf6+ exf6 6. Bf4 Be6 7. Nf3 Na6 8. a3 g5 9. Be3 Nc7 10. c4 Bg7 11. Be2 g4 12. Nd2 f5 13. Nb3 b6 14. Qc2 Qe7 15. Bd3 f4 16. Bxf4 Bxc4+ 17. Kd2 Bd5 18. Rhe1 Ne6 19. Be4 Qd7 20. Bxd5 Qxd5 21. Be5 0-0-0 22. Bxg7 Nxg7 23. Rad1 Qg5+ 24. Ke2 Qb5+ 25. Qd3 Rhe8+ 26. Kd2 Qxd3+ 27. Kxd3 Ne6 28. g3 c5 29. Kc4 cxd4 30. Nxd4 Ng5 31. Rxe8 Rxe8 32. Nb5 Re2 33. Rd4 Nf3 34. Rf4 Rxf2 35. Nd6+ Kd7 36. Nxf7 Rxh2 37. Rxg4 Rxb2 38. Rg7 Ke6 39. Rxh7 Rg2 40. Nd8+ Kd6 41. Rxa7 Rxg3 42. Nf7+ Kc6 43. Nd8+ 1/2-1/2

[Event "Vecindario Montalvo Memorial 17th"]
[Site "Vecindario"]
[Date "2025.04.17"]
[Round "6"]
[White "Sosa Suarez, Carla Cristina"]
[Black "Castro Miguelez, Jose"]
[Result "1-0"]
[WhiteElo "2056"]
[BlackElo "1846"]
[PlyCount "67"]
[EventDate "2025.04.12"]
[EventType "swiss"]
[EventRounds "9"]
[EventCountry "ESP"]
[SourceTitle "CB17_2025"]
[SourceDate "2025.04.23"]
[SourceVersion "1"]
[SourceVersionDate "2025.04.23"]
[SourceQuality "1"]

1. e4 c5 2. Be2 Nc6 3. d3 g6 4. f4 d6 5. Nf3 Bg7 6. c3 a6 7. a4 Nf6 8. Be3 b6 9. Na3 Bb7 10. 0-0 0-0 11. Qe1 e5 12. fxe5 Nxe5 13. Nxe5 dxe5 14. a5 Nd7 15. axb6 Qxb6 16. Nc4 Qc7 17. Qh4 f6 18. Rf3 Rf7 19. Bd1 Kh8 20. Bb3 Re7 21. Rg3 Nf8 22. Ra5 g5 23. Qh5 Ne6 24. Rh3 h6 25. Qg6 Rf8 26. Ra1 Bc8 27. Bd2 Nf4 28. Rxh6+ Bxh6 29. Qxh6+ Kg8 30. Bxf4 exf4 31. Ne5+ Re6 32. Ng6 Qg7 33. Bxe6+ Bxe6 34. Qxg7+ 1-0

[Event "San Cristobal de La Laguna op-A 6th"]
[Site "San Cristobal de La Laguna"]
[Date "2024.08.29"]
[Round "7"]
[White "Estremera Panos, Sergio"]
[Black "Sosa Suarez, Carla Cristina"]
[Result "1/2-1/2"]
[WhiteElo "2218"]
[BlackElo "1974"]
[PlyCount "82"]
[EventDate "2024.08.24"]
[EventType "swiss"]
[EventRounds "9"]
[EventCountry "ESP"]
[SourceTitle "CBM 221 Extra"]
[Source "ChessBase"]
[SourceDate "2024.09.30"]
[SourceVersion "1"]
[SourceVersionDate "2024.09.30"]
[SourceQuality "1"]

1. d4 d6 2. e4 Nf6 3. Nc3 e5 4. Nf3 exd4 5. Qxd4 Be7 6. Bf4 Nc6 7. Bb5 0-0 8. Bxc6 bxc6 9. 0-0-0 Be6 10. e5 Nd5 11. Nxd5 Bxd5 12. c4 Be6 13. Qc3 c5 14. h4 d5 15. Ng5 d4 16. Qd3 g6 17. Qg3 Bf5 18. h5 Bxg5 19. Bxg5 Qd7 20. b3 a5 21. Bf6 d3 22. Rh4 Rfd8 23. Rd2 a4 24. Qg5 Qe8 25. Qh6 Qf8 26. hxg6 Bxg6 27. Kb2 Qxh6 28. Rxh6 Rd4 29. f3 axb3 30. axb3 Rd7 31. Rh1 c6 32. Ra1 Rxa1 33. Kxa1 h5 34. Kb2 Ra7 35. g3 Kf8 36. Be7+ Ke8 37. Bxc5 Ra5 38. Rh2 Kd7 39. Bd4 Ra8 40. Rh4 Ke6 41. Be3 Rd8 1/2-1/2

[Event "San Cristobal de La Laguna op-A 6th"]
[Site "San Cristobal de La Laguna"]
[Date "2024.08.25"]
[Round "3"]
[White "Paz Mendez, German Christopher"]
[Black "Sosa Suarez, Carla Cristina"]
[Result "0-1"]
[WhiteElo "2029"]
[BlackElo "1974"]
[PlyCount "70"]
[EventDate "2024.08.24"]
[EventType "swiss"]
[EventRounds "9"]
[EventCountry "ESP"]
[SourceTitle "CBM 221 Extra"]
[Source "ChessBase"]
[SourceDate "2024.09.30"]
[SourceVersion "1"]
[SourceVersionDate "2024.09.30"]
[SourceQuality "1"]

1. e4 e6 2. d4 d5 3. e5 c5 4. c3 Nc6 5. Nf3 Bd7 6. Bd3 Rc8 7. 0-0 cxd4 8. Re1 Qb6 9. a4 a6 10. a5 Qc7 11. Qe2 dxc3 12. Nxc3 Bb4 13. Bd2 Bxa5 14. Rxa5 Nxa5 15. Nd4 Ne7 16. Qh5 Nc4 17. Bc1 Qb6 18. Nce2 Nxb2 19. Bb1 Qb4 20. Rf1 Nc4 21. Bd3 Ng6 22. f4 Nd2 23. f5 Nxf1 24. fxe6 0-0 25. exd7 Rxc1 26. Nxc1 Qxd4+ 27. Kxf1 Qf4+ 28. Ke2 Qxc1 29. g3 Qc7 30. Qh3 Qxe5+ 31. Kd2 h6 32. Qf1 Qb2+ 33. Ke3 Ne5 34. Bf5 Nc4+ 35. Kf4 Qe5+ 0-1

[Event "San Cristobal de La Laguna op-A 6th"]
[Site "San Cristobal de La Laguna"]
[Date "2024.08.25"]
[Round "2"]
[White "Sosa Suarez, Carla Cristina"]
[Black "Villavicencio Martinez, Carlos Luis"]
[Result "1/2-1/2"]
[WhiteElo "1974"]
[BlackElo "2051"]
[PlyCount "120"]
[EventDate "2024.08.24"]
[EventType "swiss"]
[EventRounds "9"]
[EventCountry "ESP"]
[SourceTitle "CBM 221 Extra"]
[Source "ChessBase"]
[SourceDate "2024.09.30"]
[SourceVersion "1"]
[SourceVersionDate "2024.09.30"]
[SourceQuality "1"]

1. e4 c5 2. Nf3 e6 3. d4 cxd4 4. Nxd4 a6 5. Nc3 Qc7 6. Bd3 Nf6 7. Qe2 d6 8. f4 Nc6 9. Nxc6 bxc6 10. 0-0 Be7 11. e5 Nd5 12. Ne4 dxe5 13. fxe5 Qxe5 14. Bd2 f5 15. c4 fxe4 16. Bxe4 Bc5+ 17. Kh1 Bd6 18. g3 Bd7 19. cxd5 exd5 20. Bf4 Qxe4+ 21. Qxe4+ dxe4 22. Bxd6 Be6 23. Be5 Ra7 24. Kg1 Bd5 25. Bd4 Rb7 26. Rae1 Rf8 27. Rxf8+ Kxf8 28. Re3 Rf7 29. Ra3 Bc4 30. Rc3 Bb5 31. Bc5+ Ke8 32. a4 Bd3 33. Bf2 Kd7 34. Rb3 Kd6 35. Rc3 g6 36. Bc5+ Kd5 37. Bf2 Rf5 38. Rc5+ Kd6 39. Rxf5 gxf5 40. a5 Kd5 41. Be3 Kc4 42. Kf2 Bc2 43. Ke2 Ba4 44. Bd2 Kd5 45. Ke3 Ke6 46. Bc3 Kf7 47. Bd4 Kg6 48. Kf4 Bd1 49. Be5 Bg4 50. Bd4 Bh3 51. Be3 Kf6 52. Bd4+ Ke6 53. Bc3 Kd5 54. Ke3 Kc4 55. Be5 Kb3 56. Kd2 Bf1 57. Bd4 Kc4 58. Bc3 c5 59. Be5 Kd5 60. Bc3 Bh3 1/2-1/2

[Event "ESP-ch Rapid"]
[Site "Mengibar"]
[Date "2024.08.17"]
[Round "1"]
[White "Sosa Suarez, Carla Cristina"]
[Black "Forcen Esteban, Daniel"]
[Result "0-1"]
[WhiteElo "1974"]
[BlackElo "2555"]
[PlyCount "62"]
[EventDate "2024.08.17"]
[EventType "swiss (rapid)"]
[EventRounds "10"]
[EventCountry "ESP"]
[SourceTitle "CBM 221 Extra"]
[Source "ChessBase"]
[SourceDate "2024.09.30"]
[SourceVersion "1"]
[SourceVersionDate "2024.09.30"]
[SourceQuality "1"]

1. e4 e5 2. Nf3 Qe7 3. Bc4 d6 4. d3 c6 5. a4 g6 6. Nc3 Bg7 7. Bg5 Qc7 8. a5 h6 9. Be3 Nf6 10. h3 0-0 11. 0-0 Re8 12. Qd2 Kh7 13. Nh2 Nh5 14. Ng4 f5 15. exf5 gxf5 16. Nh2 d5 17. Qe2 Nf6 18. Bb3 d4 19. Na4 dxe3 20. Nb6 axb6 21. axb6 Qxb6 22. Rxa8 exf2+ 23. Qxf2 Qxf2+ 24. Rxf2 Na6 25. Nf3 Nc7 26. Ra5 e4 27. Nh4 e3 28. Re2 Nfd5 29. Kf1 Nf4 30. Re1 Bxb2 31. Rc5 Bd4 0-1

[Event "Vecindario Montalvo Memorial 16th"]
[Site "Vecindario"]
[Date "2024.03.23"]
[Round "1"]
[White "Arana Martin, Ivan"]
[Black "Sosa Suarez, Carla Cristina"]
[Result "0-1"]
[WhiteElo "1570"]
[BlackElo "1980"]
[PlyCount "48"]
[EventDate "2024.03.23"]
[EventType "swiss"]
[EventRounds "9"]
[EventCountry "ESP"]
[SourceTitle "CBM 219 Extra"]
[Source "ChessBase"]
[SourceDate "2024.05.31"]
[SourceVersion "1"]
[SourceVersionDate "2024.05.31"]
[SourceQuality "1"]

1. e4 e6 2. d4 d5 3. Nc3 Be7 4. exd5 exd5 5. Nf3 Nf6 6. Bd3 0-0 7. 0-0 Bg4 8. Bf4 c6 9. Be2 Nbd7 10. Ne5 Bxe2 11. Qxe2 Re8 12. Rfe1 Bb4 13. Qd3 Nxe5 14. Rxe5 Bd6 15. Rxe8+ Nxe8 16. Bxd6 Nxd6 17. Re1 Qf6 18. h3 h6 19. Re3 Nc4 20. Rf3 Nxb2 21. Rxf6 Nxd3 22. Rf3 Ne1 23. Rf4 Nxc2 24. Na4 b6 0-1

[Event "La Palma Island op"]
[Site "Santa Cruz de La Palma"]
[Date "2023.08.06"]
[Round "3"]
[White "Sosa Suarez, Carla Cristina"]
[Black "Ramiro Ovejero, Juan Luis"]
[Result "0-1"]
[WhiteElo "1956"]
[BlackElo "2309"]
[PlyCount "77"]
[EventDate "2023.08.05"]
[EventType "swiss"]
[EventRounds "9"]
[EventCountry "ESP"]
[SourceTitle "CBM 215 Extra"]
[Source "ChessBase"]
[SourceDate "2023.09.30"]
[SourceVersion "1"]
[SourceVersionDate "2023.09.30"]
[SourceQuality "1"]

1. e4 c5 2. Nf3 Nc6 3. d4 cxd4 4. Nxd4 e5 5. Nb5 d6 6. N1c3 a6 7. Na3 b5 8. Nd5 Nge7 9. Ne3 g6 10. h4 h5 11. g3 Bg7 12. Bg2 0-0 13. 0-0 Be6 14. c3 Qc7 15. Nac2 Rfd8 16. f4 exf4 17. gxf4 d5 18. e5 Rac8 19. a4 b4 20. Nd4 Nxd4 21. cxd4 a5 22. Rf2 Qb6 23. Bf1 Rc7 24. b3 Rdc8 25. Bb2 Nf5 26. Nxf5 Bxf5 27. Bd3 Qe6 28. Kh2 Bxd3 29. Qxd3 Rc3 30. Bxc3 Rxc3 31. Qf1 Qg4 32. Raa2 Bh6 33. Rab2 Rg3 34. Kh1 Qxh4+ 35. Rh2 Qg4 36. Rbg2 Bxf4 37. Qe2 Rxg2 38. Rxg2 Qh3+ 39. Kg1 0-1

[Event "Vecindario Montalvo Memorial 15th"]
[Site "Vecindario"]
[Date "2023.04.09"]
[Round "9"]
[White "Sosa Suarez, Carla Cristina"]
[Black "Quevedo Olivares, Carlos Tomas"]
[Result "1-0"]
[WhiteElo "2044"]
[BlackElo "1549"]
[PlyCount "75"]
[EventDate "2023.04.02"]
[EventType "swiss"]
[EventRounds "9"]
[EventCountry "ESP"]
[SourceTitle "CBM 213 Extra"]
[Source "ChessBase"]
[SourceDate "2023.05.31"]
[SourceVersion "1"]
[SourceVersionDate "2023.05.31"]
[SourceQuality "1"]

1. e4 g6 2. d4 Bg7 3. Nc3 d6 4. f4 Nf6 5. Nf3 0-0 6. Bd3 c5 7. d5 a6 8. a4 Bg4 9. h3 Bc8 10. 0-0 Qb6 11. Kh2 e6 12. dxe6 fxe6 13. Bc4 Qd8 14. e5 dxe5 15. Qxd8 Rxd8 16. Nxe5 Nc6 17. Nxc6 bxc6 18. Re1 Nd5 19. Ne4 Nb4 20. Re2 Rd4 21. Bb3 Rd1 22. c3 Rxc1 23. Rxc1 Nd5 24. Nxc5 Nxf4 25. Re4 Bh6 26. Rf1 Nd5 27. Nxe6 Bxe6 28. Rxe6 Rb8 29. Bxd5 cxd5 30. Rf2 Bg7 31. Rd2 Bh6 32. Rde2 Bc1 33. Re8+ Rxe8 34. Rxe8+ Kf7 35. Re2 Kf6 36. Kg3 Kf5 37. Kf3 h5 38. b4 1-0

[Event "Vecindario Montalvo Memorial 14th"]
[Site "Vecindario"]
[Date "2022.09.10"]
[Round "8"]
[White "Gonzalez Sastron, David"]
[Black "Sosa Suarez, Carla Cristina"]
[Result "0-1"]
[WhiteElo "1672"]
[BlackElo "2059"]
[PlyCount "64"]
[EventDate "2022.09.04"]
[EventType "swiss"]
[EventRounds "9"]
[EventCountry "ESP"]
[SourceTitle "CBM 210 Extra"]
[Source "ChessBase"]
[SourceDate "2022.11.30"]
[SourceVersion "1"]
[SourceVersionDate "2022.11.30"]
[SourceQuality "1"]

1. e4 e6 2. d4 d5 3. e5 c5 4. c3 Qb6 5. Nf3 Nc6 6. Be2 cxd4 7. cxd4 Nh6 8. Bxh6 Qxb2 9. Bxg7 Bxg7 10. Nbd2 Nxd4 11. Qa4+ Nc6 12. Rb1 Qc3 13. 0-0 Bh6 14. Rfc1 Qa5 15. Bb5 Qxa4 16. Bxa4 Ke7 17. Bxc6 bxc6 18. Rxc6 Bd7 19. Rc7 Rhc8 20. Rbb7 Rxc7 21. Rxc7 Kd8 22. Rb7 Rc8 23. Nb3 a5 24. h3 a4 25. Nbd4 Rc1+ 26. Kh2 Ra1 27. Rb2 a3 28. Rc2 Ba4 29. Re2 Rb1 30. Kg3 Rb2 31. Nh2 Bd2 32. Nb3 Bxb3 0-1

[Event "Vecindario Montalvo Memorial 14th"]
[Site "Vecindario"]
[Date "2022.09.04"]
[Round "2"]
[White "Grube, Kurt Heinz"]
[Black "Sosa Suarez, Carla Cristina"]
[Result "1/2-1/2"]
[WhiteElo "1689"]
[BlackElo "2059"]
[PlyCount "120"]
[EventDate "2022.09.04"]
[EventType "swiss"]
[EventRounds "9"]
[EventCountry "ESP"]
[SourceTitle "CBM 210 Extra"]
[Source "ChessBase"]
[SourceDate "2022.11.30"]
[SourceVersion "1"]
[SourceVersionDate "2022.11.30"]
[SourceQuality "1"]

1. Nf3 d5 2. d4 Nf6 3. c4 e6 4. cxd5 exd5 5. Nc3 c6 6. Bg5 Be7 7. e3 Bf5 8. Bd3 Bxd3 9. Qxd3 h6 10. Bh4 Nbd7 11. 0-0 0-0 12. Rac1 Nb6 13. b3 Nfd7 14. Bxe7 Qxe7 15. Rfd1 Rfe8 16. Ne2 a5 17. Ng3 g6 18. a4 Nc8 19. Qc2 Nd6 20. Nd2 h5 21. h3 h4 22. Ngf1 Nf5 23. Re1 Nf6 24. Nf3 Ne4 25. Ne5 Kg7 26. Nd2 Ng5 27. Ndf3 Nxf3+ 28. Nxf3 Qb4 29. Ne5 Qd6 30. Nd3 Re7 31. Qc3 Qf6 32. Ne5 Nd6 33. Qc2 Ne4 34. Rf1 Ra6 35. Nd3 Rb6 36. Nf4 Qd6 37. Nd3 Qa3 38. Rb1 Qd6 39. Rbc1 Re8 40. Rfe1 Qf6 41. Nf4 Qf5 42. Nd3 Ng5 43. Qc3 Ne4 44. Qc2 Nd6 45. Qc3 g5 46. Nc5 Ne4 47. Qc2 Qc8 48. Rb1 Qc7 49. Re2 Qd6 50. Ree1 f5 51. Nd3 Re7 52. Nc5 Kh8 53. Rf1 g4 54. hxg4 fxg4 55. Nxe4 Rxe4 56. Qe2 Qh6 57. Rfe1 Qg5 58. f3 gxf3 59. Qxf3 Re8 60. e4 dxe4 1/2-1/2

[Event "Vecindario Montalvo Memorial 14th"]
[Site "Vecindario"]
[Date "2022.09.04"]
[Round "1"]
[White "Sosa Suarez, Carla Cristina"]
[Black "Monteiro Rodrigues, Carlos"]
[Result "1-0"]
[WhiteElo "2059"]
[BlackElo "1428"]
[PlyCount "36"]
[EventDate "2022.09.04"]
[EventType "swiss"]
[EventRounds "9"]
[EventCountry "ESP"]
[SourceTitle "CBM 210 Extra"]
[Source "ChessBase"]
[SourceDate "2022.11.30"]
[SourceVersion "1"]
[SourceVersionDate "2022.11.30"]
[SourceQuality "1"]

1. e4 e5 2. Nf3 Nc6 3. Bc4 Bc5 4. d3 h6 5. c3 Nf6 6. b4 Bb6 7. a4 a5 8. b5 Nb8 9. Nxe5 d5 10. exd5 0-0 11. 0-0 Re8 12. d4 Rxe5 13. dxe5 Bg4 14. Qd3 Nfd7 15. Qg3 Bh5 16. Bxh6 Bg6 17. Bf4 Nc5 18. Nd2 Nbd7 1-0

[Event "ESP-chT CECLUB Div2"]
[Site "Linares"]
[Date "2022.08.27"]
[Round "7.3"]
[White "Sosa Suarez, Carla Cristina"]
[Black "Garcia Almeida, Aitana Maria"]
[Result "1-0"]
[WhiteElo "2089"]
[BlackElo "1717"]
[PlyCount "83"]
[EventDate "2022.08.22"]
[EventType "team-swiss"]
[EventRounds "7"]
[EventCountry "ESP"]
[SourceTitle "CBM 209 Extra"]
[Source "ChessBase"]
[SourceDate "2022.09.30"]
[SourceVersion "1"]
[SourceVersionDate "2022.09.30"]
[SourceQuality "1"]
[WhiteTeam "Aimpulsa Granada"]
[BlackTeam "Grandama Santa Lucia"]
[WhiteTeamCountry "ESP"]
[BlackTeamCountry "ESP"]

1. e4 c5 2. Nf3 Nc6 3. d4 cxd4 4. Nxd4 g6 5. c4 Nf6 6. Nc3 Bg7 7. Be3 0-0 8. Be2 d6 9. 0-0 Nxd4 10. Bxd4 Be6 11. Rc1 a6 12. f4 Qc8 13. Nd5 Bxd5 14. cxd5 Qd7 15. Bf3 e6 16. dxe6 fxe6 17. e5 Nd5 18. exd6 Bxd4+ 19. Qxd4 Rxf4 20. Qc5 Rf5 21. Rfd1 Nf4 22. Qc7 Rd8 23. Qxd7 Rxd7 24. Rc7 Rff7 25. Rxd7 Rxd7 26. Bxb7 a5 27. Bc6 Rd8 28. d7 Nh5 29. Re1 Kf7 30. Re5 a4 31. Bxa4 Ke7 32. Rc5 Nf6 33. Rc8 Nxd7 34. Rxd8 Kxd8 35. Bxd7 Kxd7 36. Kf2 Kd6 37. Ke3 Kd5 38. a4 h6 39. a5 e5 40. a6 Kc6 41. b4 Kb6 42. b5 1-0

[Event "ESP-chT CECLUB Div2"]
[Site "Linares"]
[Date "2022.08.23"]
[Round "2.2"]
[White "Costa Iniesta, Prudencio"]
[Black "Sosa Suarez, Carla Cristina"]
[Result "0-1"]
[WhiteElo "1838"]
[BlackElo "2089"]
[PlyCount "70"]
[EventDate "2022.08.22"]
[EventType "team-swiss"]
[EventRounds "7"]
[EventCountry "ESP"]
[SourceTitle "CBM 209 Extra"]
[Source "ChessBase"]
[SourceDate "2022.09.30"]
[SourceVersion "1"]
[SourceVersionDate "2022.09.30"]
[SourceQuality "1"]
[WhiteTeam "Mislata Lanjaron Discema"]
[BlackTeam "Aimpulsa Granada"]
[WhiteTeamCountry "ESP"]
[BlackTeamCountry "ESP"]

1. d4 d5 2. Nf3 Nf6 3. g3 c5 4. Bg2 cxd4 5. Nxd4 e5 6. Nb3 a5 7. a4 Bb4+ 8. c3 Be7 9. Bg5 Nbd7 10. N1d2 h6 11. Bxf6 Nxf6 12. e4 Be6 13. 0-0 dxe4 14. Qc2 Qb6 15. c4 Qb4 16. Nxe4 Nxe4 17. Bxe4 Qxc4 18. Nd2 Qxc2 19. Bxc2 Bb4 20. Nf3 f6 21. Bg6+ Ke7 22. Be4 Rab8 23. Rac1 f5 24. Rc7+ Kd6 25. Rxg7 fxe4 26. Rd1+ Kc5 27. Nxe5 Rhd8 28. Rc1+ Kd4 29. Ng6 Bb3 30. Nf4 Bd2 31. Rcc7 Bxf4 32. gxf4 Rg8 33. Rcd7+ Bd5 34. Rxg8 Rxg8+ 35. Kf1 Rf8 0-1

[Event "Gran Canaria Cabildo Cup"]
[Site "Gran Canaria"]
[Date "2022.04.15"]
[Round "7"]
[White "Perez Bolanos, Joel"]
[Black "Sosa Suarez, Carla Cristina"]
[Result "1/2-1/2"]
[WhiteElo "2120"]
[BlackElo "2112"]
[PlyCount "54"]
[EventDate "2022.04.10"]
[EventType "swiss"]
[EventRounds "7"]
[EventCountry "ESP"]
[SourceTitle "CBM 207 Extra"]
[Source "ChessBase"]
[SourceDate "2022.05.31"]
[SourceVersion "1"]
[SourceVersionDate "2022.05.31"]
[SourceQuality "1"]

1. d4 f5 2. g3 Nf6 3. Bg2 e6 4. c4 Bb4+ 5. Bd2 Be7 6. Nf3 Ne4 7. Nc3 Nxd2 8. Nxd2 c5 9. d5 0-0 10. Qc2 Na6 11. a3 Nc7 12. 0-0 e5 13. e4 f4 14. Rab1 a5 15. f3 fxg3 16. hxg3 Bg5 17. Kf2 Qf6 18. Rh1 d6 19. Ke2 Bd7 20. Qd3 Rab8 21. Kd1 Qg6 22. Nf1 b5 23. b3 bxc4 24. bxc4 Qe8 25. Ke2 Rxb1 26. Qxb1 Qa8 27. a4 Qd8 1/2-1/2

[Event "Gran Canaria Cabildo Cup"]
[Site "Gran Canaria"]
[Date "2022.04.14"]
[Round "6"]
[White "Sosa Suarez, Carla Cristina"]
[Black "Guerrero Orihuela, Jose Luis"]
[Result "1-0"]
[WhiteElo "2112"]
[BlackElo "1898"]
[PlyCount "111"]
[EventDate "2022.04.10"]
[EventType "swiss"]
[EventRounds "7"]
[EventCountry "ESP"]
[SourceTitle "CBM 207 Extra"]
[Source "ChessBase"]
[SourceDate "2022.05.31"]
[SourceVersion "1"]
[SourceVersionDate "2022.05.31"]
[SourceQuality "1"]

1. e4 c5 2. Nf3 Nc6 3. d4 cxd4 4. Nxd4 Nf6 5. Nc3 e5 6. Ndb5 d6 7. Bg5 a6 8. Na3 b5 9. Nd5 Be7 10. Bxf6 Bxf6 11. c3 0-0 12. Nc2 Bg5 13. a4 bxa4 14. Rxa4 a5 15. Bc4 Ne7 16. h4 Bh6 17. Nce3 Bxe3 18. Nxe3 Ba6 19. Bxa6 Rxa6 20. 0-0 Qc7 21. Qd3 Rc6 22. Rfa1 Ra8 23. R1a3 Rb8 24. Ra2 Ra8 25. R2a3 Rb8 26. Rxa5 Rxb2 27. Ra8+ Nc8 28. Nd5 Qd7 29. R3a7 Rb7 30. Ra6 Kf8 31. Qh3 Qxh3 32. gxh3 Rc5 33. Rxd6 Ke8 34. Rb6 Ra7 35. Rxa7 Nxa7 36. Rb8+ Rc8 37. Rb7 Nc6 38. Kf1 Na5 39. Ra7 Nc4 40. Ke2 Rb8 41. Rc7 Rb2+ 42. Kd3 Nd6 43. Ke3 g6 44. Nf6+ Kf8 45. Nd7+ Kg7 46. Nxe5 Rb5 47. f4 Rb3 48. Kd3 Nb5 49. Rxf7+ Kg8 50. Rb7 Rxc3+ 51. Kd2 Rc5 52. Nd7 Rc4 53. Nf6+ Kf8 54. Rxb5 Kf7 55. Nxh7 Kg7 56. Ng5 1-0

[Event "Gran Canaria Cabildo Cup"]
[Site "Gran Canaria"]
[Date "2022.04.11"]
[Round "3"]
[White "Sosa Suarez, Carla Cristina"]
[Black "Segura Marsa, Andres"]
[Result "1-0"]
[WhiteElo "2112"]
[BlackElo "1818"]
[PlyCount "59"]
[EventDate "2022.04.10"]
[EventType "swiss"]
[EventRounds "7"]
[EventCountry "ESP"]
[SourceTitle "CBM 207 Extra"]
[Source "ChessBase"]
[SourceDate "2022.05.31"]
[SourceVersion "1"]
[SourceVersionDate "2022.05.31"]
[SourceQuality "1"]

1. d4 Nf6 2. Nc3 d5 3. Bf4 g6 4. e3 Bg7 5. Nb5 Na6 6. h3 c6 7. Nc3 0-0 8. Bxa6 bxa6 9. Na4 Nd7 10. Nf3 c5 11. 0-0 Qa5 12. c3 Bb7 13. b4 cxb4 14. cxb4 Qb5 15. Nc5 Nxc5 16. bxc5 f6 17. Rb1 Qd7 18. Qd3 Rae8 19. Qc3 Bc6 20. Rfc1 g5 21. Bg3 g4 22. hxg4 Qxg4 23. Qa5 Bb5 24. c6 Bh6 25. Rc3 e5 26. Qc7 Rf7 27. Qd6 exd4 28. Nxd4 Qe4 29. Rb2 f5 30. Qxh6 1-0

[Event "ESP-ch U18"]
[Site "Salobrena"]
[Date "2020.08.21"]
[Round "7"]
[White "Rodriguez del Cerro, Ricardo"]
[Black "Sosa Suarez, Carla Cristina"]
[Result "1-0"]
[WhiteElo "2217"]
[BlackElo "2110"]
[PlyCount "77"]
[EventDate "2020.08.17"]
[EventType "swiss"]
[EventRounds "9"]
[EventCountry "ESP"]
[SourceTitle "CBM 197 Extra"]
[Source "ChessBase"]
[SourceDate "2020.09.30"]
[SourceVersion "1"]
[SourceVersionDate "2020.09.30"]
[SourceQuality "1"]

1. Nf3 c5 2. c4 Nc6 3. b3 e5 4. Nc3 g6 5. Bb2 Bg7 6. d3 Nge7 7. g3 d6 8. Bg2 0-0 9. 0-0 h6 10. e3 f5 11. Qe2 Be6 12. d4 Bf7 13. dxe5 dxe5 14. Rfd1 Qa5 15. Nb5 Rad8 16. Bc3 Qb6 17. Qb2 a6 18. Nd6 Qc7 19. Nxe5 Rxd6 20. Rxd6 Qxd6 21. Nxc6 Bxc3 22. Nxe7+ Qxe7 23. Qxc3 Rd8 24. a4 Rd7 25. Bf3 Qd8 26. Qc2 Be6 27. Rd1 Rxd1+ 28. Qxd1 Qb6 29. h4 Kf7 30. e4 Qb4 31. h5 b5 32. hxg6+ Kxg6 33. Qd6 Qe1+ 34. Kg2 Kf6 35. exf5 Kxf5 36. Qf4+ Kg6 37. Be4+ Kg7 38. Qe5+ Kf7 39. Bg6+ 1-0